[Event "Toronto Closed"]
[Site "Toronto CAN"]
[Date "2008.01.22"]
[Round "1"]
[White "Noritsyn, Nikolay"]
[Black "Kimelman, Michael"]
[Result "1-0"]
[WhiteElo "2470"]
[BlackElo "2273"]
[PlyCount "46"]
[GameId "2160767910442458"]
[EventDate "2008.01.22"]
[EventType "tourn"]
[EventRounds "9"]
[EventCountry "CAN"]
[SourceTitle "EXT 2011"]
[Source "ChessBase"]
[SourceDate "2011.11.26"]
[SourceVersion "1"]
[SourceVersionDate "2011.11.26"]
[SourceQuality "1"]

1. c4 e6 2. g3 Nf6 3. Bg2 Be7 4. Nf3 O-O 5. O-O a5 6. d4 d6 7. Nc3 Nbd7 8. Bf4 b6 9. e4 Bb7 10. Re1 Nh5 11. Be3 f5 12. exf5 exf5 13. Ng5 Bxg2 14. Ne6 Qe8 15. Nxf8 Qxf8 16. Kxg2 g6 17. Nd5 Bd8 18. Qf3 Rc8 19. Nf4 Nhf6 20. Ne6 Qf7 21. Bg5 Be7 22. Qb7 Rb8 23. Qxc7 Ne8 1-0

[Event "Toronto Closed"]
[Site "Toronto CAN"]
[Date "2008.01.22"]
[Round "1"]
[White "Starr (Shterenberg), Nava"]
[Black "Sapozhnikov, Roman"]
[Result "1/2-1/2"]
[WhiteElo "2135"]
[BlackElo "2184"]
[PlyCount "86"]
[GameId "2160767910442460"]
[EventDate "2008.01.22"]
[EventType "tourn"]
[EventRounds "9"]
[EventCountry "CAN"]

1. e4 c5 2. c3 d5 3. exd5 Qxd5 4. d4 Nf6 5. Nf3 e6 6. Be2 Nc6 7. O-O Be7 8. h3 O-O 9. Be3 cxd4 10. cxd4 b6 11. Nc3 Qd6 12. Rc1 Bb7 13. Qb3 Rac8 14. Rfd1 Rfd8 15. a3 Na5 16. Qa4 Nd5 17. Nb5 Qb8 18. b4 a6 19. bxa5 axb5 20. Qb3 bxa5 21. Bd2 b4 22. Ne5 Qa7 23. axb4 axb4 24. Nc4 Ra8 25. Bf3 Qa2 26. Rb1 Rdc8 27. Nb6 Rc2 28. Nxa8 Rxd2 29. Qxa2 Rxa2 30. Nb6 g6 31. Nxd5 Bxd5 32. Bxd5 exd5 33. Re1 Bd6 34. Re8+ Kg7 35. Rd8 Ra6 36. g3 Kf6 37. Re1 Rb6 38. Re3 b3 39. Rxb3 Rxb3 40. Rxd6+ Ke7 41. Rxd5 Ke6 42. Rd8 Ke7 43. Rd5 Ke6 1/2-1/2

[Event "Toronto Closed"]
[Site "Toronto CAN"]
[Date "2008.01.29"]
[Round "2"]
[White "Barron, Irina"]
[Black "Plotkin, Victor"]
[Result "0-1"]
[WhiteElo "2083"]
[BlackElo "2310"]
[PlyCount "100"]
[GameId "2160767910442461"]
[EventDate "2008.01.22"]
[EventType "tourn"]
[EventRounds "9"]
[EventCountry "CAN"]
[SourceTitle "EXT 2011"]
[Source "ChessBase"]
[SourceDate "2011.11.26"]
[SourceVersion "1"]
[SourceVersionDate "2011.11.26"]
[SourceQuality "1"]

1. d4 d5 2. Nf3 Nf6 3. c4 e6 4. Nc3 c5 5. e3 Nc6 6. Be2 dxc4 7. Bxc4 cxd4 8. exd4 Be7 9. O-O O-O 10. Bf4 a6 11. Rc1 b5 12. Bd3 Bb7 13. a4 b4 14. Ne4 Nxd4 15. Nxd4 Qxd4 16. Nd6 Qxf4 17. Nxb7 Ra7 18. Na5 Rd7 19. Nc6 Bd6 20. g3 Qg5 21. h4 Qh6 22. Qf3 Rc7 23. Bxa6 Nd5 24. Rc2 Ra8 25. Bb5 Qf6 26. Qxf6 gxf6 27. Rd2 Kf8 28. Rc1 f5 29. Kg2 f4 30. g4 f3+ 31. Kxf3 Bf4 32. Rxd5 Bxc1 33. Rd4 Rac8 34. Nxb4 Bxb2 35. Rd3 Rc3 36. Ke4 R8c4+ 37. Rd4 Rxd4+ 38. Kxd4 Rg3+ 39. Kc4 Rxg4+ 40. Kb3 Bd4 41. f3 Rxh4 42. a5 Rh1 43. a6 h5 44. Nc6 Bb6 45. a7 Bxa7 46. Nxa7 h4 47. Kc2 h3 48. f4 h2 49. Bc6 Rf1 50. Kd2 Rxf4 0-1

[Event "Toronto Closed"]
[Site "Toronto CAN"]
[Date "2008.01.29"]
[Round "2"]
[White "Noritsyn, Nikolay"]
[Black "Barron, Michael"]
[Result "1-0"]
[WhiteElo "2470"]
[BlackElo "2351"]
[PlyCount "95"]
[GameId "2160767910442463"]
[EventDate "2008.01.22"]
[EventType "tourn"]
[EventRounds "9"]
[EventCountry "CAN"]
[SourceTitle "EXT 2011"]
[Source "ChessBase"]
[SourceDate "2011.11.26"]
[SourceVersion "1"]
[SourceVersionDate "2011.11.26"]
[SourceQuality "1"]

1. e4 e5 2. Nf3 Nc6 3. Nc3 Nf6 4. Bb5 Nd4 5. Bc4 d6 6. h3 Be6 7. d3 Be7 8. O-O O-O 9. Nxd4 exd4 10. Bxe6 fxe6 11. Ne2 c5 12. Ng3 Qe8 13. Qe2 Nd7 14. Bd2 Qg6 15. Nh5 Rae8 16. Kh1 Bg5 17. f4 Bh4 18. g3 Bd8 19. g4 Qf7 20. Qg2 Bh4 21. b3 g6 22. Ng3 Bxg3 23. Qxg3 Qg7 24. Rac1 Rf7 25. c3 dxc3 26. Bxc3 e5 27. Qg2 Ref8 28. f5 Qh6 29. Bd2 Qh4 30. Be1 Qg5 31. Bd2 Qh4 32. Rf3 Nb8 33. Rcf1 Nc6 34. Be3 Nb4 35. Bf2 Qd8 36. Be1 Nc6 37. Bc3 Qg5 38. Qg3 b5 39. h4 Qd8 40. g5 b4 41. Bb2 Qa5 42. R3f2 Ne7 43. f6 Nc6 44. h5 Nd8 45. Rh2 Qc7 46. Rff2 Ne6 47. hxg6 hxg6 48. Qh3 1-0

[Event "Toronto Closed"]
[Site "Toronto CAN"]
[Date "2008.01.29"]
[Round "2"]
[White "Yuan, Yuanling"]
[Black "Starr (Shterenberg), Nava"]
[Result "1-0"]
[WhiteElo "2170"]
[BlackElo "2135"]
[PlyCount "69"]
[GameId "2160767910442464"]
[EventDate "2008.01.22"]
[EventType "tourn"]
[EventRounds "9"]
[EventCountry "CAN"]

1. e4 g6 2. d4 Bg7 3. Nc3 c6 4. Nf3 d5 5. e5 Bg4 6. h3 Bxf3 7. Qxf3 e6 8. Bd3 Nd7 9. O-O a6 10. Ne2 c5 11. c3 Rc8 12. Bf4 Ne7 13. Bg5 O-O 14. Qe3 Re8 15. Rfe1 Qb6 16. Rab1 Nc6 17. b4 cxd4 18. cxd4 Qa7 19. a3 b5 20. Rbc1 Nb6 21. h4 Ne7 22. h5 Nc4 23. Bxc4 dxc4 24. hxg6 hxg6 25. Qh3 Nd5 26. Red1 Rc7 27. Ng3 Qb7 28. Qh4 Ra8 29. Ne4 a5 30. Nf6+ Kf8 31. Qh7 Bxf6 32. Bxf6 Ke8 33. Qg8+ Kd7 34. Qxf7+ Kc8 35. Qe8# 1-0

[Event "Toronto Closed"]
[Site "Toronto CAN"]
[Date "2008.02.05"]
[Round "3"]
[White "Barron, Michael"]
[Black "Casareno, Erwin"]
[Result "1-0"]
[WhiteElo "2351"]
[BlackElo "2218"]
[PlyCount "73"]
[GameId "2160767910442465"]
[EventDate "2008.01.22"]
[EventType "tourn"]
[EventRounds "9"]
[EventCountry "CAN"]
[SourceTitle "EXT 2011"]
[Source "ChessBase"]
[SourceDate "2011.11.26"]
[SourceVersion "1"]
[SourceVersionDate "2011.11.26"]
[SourceQuality "1"]

1. e4 c5 2. Nf3 d6 3. d4 cxd4 4. Nxd4 Nf6 5. Nc3 a6 6. Be2 e5 7. Nb3 Be7 8. O-O O-O 9. a4 Be6 10. f4 exf4 11. Bxf4 Nc6 12. Kh1 Ne5 13. Nd4 Qd7 14. Qe1 Rac8 15. Rd1 Ng6 16. Bg3 Qc7 17. Nf5 Rfd8 18. Nxe7+ Qxe7 19. Rd4 d5 20. exd5 Nxd5 21. Nxd5 Rxd5 22. Rxd5 Bxd5 23. Bd3 Qc5 24. Qf2 Qc6 25. b3 Re8 26. c4 Be6 27. Re1 Qd7 28. Be4 b5 29. Qb6 bxc4 30. Bc6 Qd8 31. Qxa6 cxb3 32. Bxe8 Qxe8 33. Qb5 Qc8 34. a5 h5 35. a6 h4 36. a7 hxg3 37. Qb8 1-0

[Event "Toronto Closed"]
[Site "Toronto CAN"]
[Date "2008.02.05"]
[Round "3"]
[White "Plotkin, Victor"]
[Black "Kimelman, Michael"]
[Result "0-1"]
[WhiteElo "2310"]
[BlackElo "2273"]
[PlyCount "72"]
[GameId "2160767910442466"]
[EventDate "2008.01.22"]
[EventType "tourn"]
[EventRounds "9"]
[EventCountry "CAN"]
[SourceTitle "EXT 2011"]
[Source "ChessBase"]
[SourceDate "2011.11.26"]
[SourceVersion "1"]
[SourceVersionDate "2011.11.26"]
[SourceQuality "1"]

1. e4 c5 2. Nc3 Nc6 3. g3 Nf6 4. Bg2 e6 5. Nge2 d5 6. exd5 exd5 7. d4 cxd4 8. Nxd4 Qb6 9. Nb3 d4 10. Ne2 Bb4+ 11. Bd2 O-O 12. O-O Bg4 13. h3 Bxe2 14. Qxe2 Rad8 15. Bxb4 Qxb4 16. Rad1 Rd6 17. Bxc6 bxc6 18. c3 dxc3 19. bxc3 Qa3 20. Qe7 Nd5 21. Qe5 Re6 22. Qd4 Qxa2 23. Nc5 Re2 24. Ra1 Qb2 25. Rxa7 Nxc3 26. Rb7 Qc2 27. Qd6 Ne4 28. Nxe4 Qxe4 29. Rc7 Rc2 30. Rd1 h6 31. Qd3 Qa4 32. Qd6 g6 33. Re1 Qc4 34. Ree7 Rc1+ 35. Kh2 Qc3 36. Qe5 Qf3 0-1

[Event "Toronto Closed"]
[Site "Toronto CAN"]
[Date "2008.02.05"]
[Round "3"]
[White "Sapozhnikov, Roman"]
[Black "Barron, Irina"]
[Result "0-1"]
[WhiteElo "2184"]
[BlackElo "2083"]
[PlyCount "88"]
[GameId "2160767910442468"]
[EventDate "2008.01.22"]
[EventType "tourn"]
[EventRounds "9"]
[EventCountry "CAN"]
[SourceTitle "EXT 2011"]
[Source "ChessBase"]
[SourceDate "2011.11.26"]
[SourceVersion "1"]
[SourceVersionDate "2011.11.26"]
[SourceQuality "1"]

1. e4 c5 2. Nc3 Nc6 3. Nf3 e5 4. Bc4 d6 5. d3 Be7 6. O-O Be6 7. Nd5 Nf6 8. Ng5 Bxd5 9. exd5 Nb8 10. f4 Nbd7 11. Qf3 a6 12. a4 O-O 13. Bd2 Ne8 14. Qh3 Bxg5 15. fxg5 g6 16. Qh4 h5 17. g4 Ng7 18. gxh5 Nxh5 19. Qg4 Kg7 20. Rf2 f5 21. gxf6+ Ndxf6 22. Qg5 Ng8 23. Qxd8 Raxd8 24. Raf1 Rxf2 25. Rxf2 Rf8 26. b4 cxb4 27. Bxb4 Rd8 28. Bb3 Nf4 29. Rd2 Ne7 30. c4 Nf5 31. Bc3 Kf6 32. Kf1 Rh8 33. Rf2 Nxd3 34. Rd2 Nc5 35. Ba2 Ne4 36. Rd3 Rxh2 37. Bb3 Nxc3 38. Rxc3 Rb2 39. Bd1 e4 40. Bg4 Ke5 41. Bh3 Rb4 42. c5 dxc5 43. Rxc5 Ne3+ 44. Ke2 Nxd5 0-1

[Event "Toronto Closed"]
[Site "Toronto CAN"]
[Date "2008.02.05"]
[Round "3"]
[White "Starr (Shterenberg), Nava"]
[Black "Noritsyn, Nikolay"]
[Result "0-1"]
[WhiteElo "2135"]
[BlackElo "2470"]
[PlyCount "84"]
[GameId "2160767910442469"]
[EventDate "2008.01.22"]
[EventType "tourn"]
[EventRounds "9"]
[EventCountry "CAN"]

1. e4 c5 2. c3 d5 3. exd5 Qxd5 4. d4 Nf6 5. Nf3 Bg4 6. Be2 e6 7. O-O Nc6 8. Be3 cxd4 9. Nxd4 Bxe2 10. Qxe2 Be7 11. Rd1 O-O 12. c4 Qe5 13. Nxc6 bxc6 14. Nc3 a5 15. Qf3 a4 16. Rac1 Qc7 17. Rd2 Bd6 18. g3 Be5 19. Bc5 Rfe8 20. Ne4 h6 21. Rcd1 Qa5 22. Bd6 Nxe4 23. Qxe4 Bxd6 24. Rxd6 Qb4 25. R1d2 c5 26. Rd7 Rf8 27. Qg4 Rab8 28. Qe4 Qa5 29. Qe5 Rb4 30. Qc3 Qa6 31. b3 axb3 32. axb3 Rbb8 33. R2d6 Qa2 34. Rxe6 Rxb3 35. Qe5 Rb1+ 36. Kg2 Qxc4 37. Re8 Qf1+ 38. Kf3 Qh1+ 39. Kg4 Rb4+ 40. f4 h5+ 41. Qxh5 Rxf4+ 42. Kxf4 Qf1+ 0-1

[Event "Toronto Closed"]
[Site "Toronto CAN"]
[Date "2008.02.12"]
[Round "4"]
[White "Barron, Michael"]
[Black "Starr (Shterenberg), Nava"]
[Result "1-0"]
[WhiteElo "2351"]
[BlackElo "2135"]
[PlyCount "73"]
[GameId "2160767910442470"]
[EventDate "2008.01.22"]
[EventType "tourn"]
[EventRounds "9"]
[EventCountry "CAN"]

1. e4 e5 2. Nf3 Nf6 3. Nxe5 d6 4. Nf3 Nxe4 5. Nc3 Nxc3 6. dxc3 Nc6 7. Bf4 Bg4 8. Be2 Be7 9. Qd2 Qd7 10. O-O-O O-O-O 11. h3 Be6 12. Nd4 a6 13. Rhe1 Bf6 14. Nxe6 fxe6 15. Bh2 Kb8 16. f4 e5 17. Bg4 Qf7 18. Kb1 exf4 19. Be6 Qh5 20. Bxf4 Rhe8 21. Bd5 Rxe1 22. Rxe1 Ne7 23. Bf3 Qb5 24. Qd3 Qa4 25. Re4 Qa5 26. Rxe7 Bxe7 27. Qe4 Qb5 28. Qxe7 Re8 29. Qxg7 Qf5 30. Bc1 Re1 31. Qg8+ Ka7 32. Qd5 Qxd5 33. Bxd5 c6 34. Bf3 d5 35. b3 Kb6 36. Kb2 Re8 37. Bg5 1-0

[Event "Toronto Closed"]
[Site "Toronto CAN"]
[Date "2008.02.12"]
[Round "4"]
[White "Casareno, Erwin"]
[Black "Barron, Irina"]
[Result "1-0"]
[WhiteElo "2218"]
[BlackElo "2083"]
[PlyCount "95"]
[GameId "2160767910442471"]
[EventDate "2008.01.22"]
[EventType "tourn"]
[EventRounds "9"]
[EventCountry "CAN"]
[SourceTitle "EXT 2011"]
[Source "ChessBase"]
[SourceDate "2011.11.26"]
[SourceVersion "1"]
[SourceVersionDate "2011.11.26"]
[SourceQuality "1"]

1. e4 c5 2. Nf3 Nc6 3. d4 cxd4 4. Nxd4 Nf6 5. Nc3 d6 6. g3 Bg4 7. f3 Nxd4 8. fxg4 Nc6 9. Be3 Qa5 10. Bd3 e6 11. g5 Nd7 12. Qd2 Nde5 13. Be2 Be7 14. O-O O-O 15. a3 a6 16. b4 Qc7 17. Na4 b5 18. Nb2 Qb7 19. Rac1 a5 20. c3 axb4 21. axb4 Ra2 22. Rc2 Rfa8 23. h4 Ra1 24. Rcc1 Rxc1 25. Qxc1 Rc8 26. Qb1 Na7 27. Bd4 Nc4 28. Nxc4 bxc4 29. Bf3 Nb5 30. e5 d5 31. Qd1 Bd8 32. Kh2 Bb6 33. Be2 Bxd4 34. cxd4 Nc3 35. Qd2 Nxe2 36. Qxe2 Qxb4 37. Qf2 Qb7 38. h5 c3 39. h6 c2 40. Rc1 Qb2 41. Qf4 Rc4 42. Kh3 Rxd4 43. Rxc2 Qxc2 44. Qxd4 Qf5+ 45. Kh4 gxh6 46. gxh6 Qg6 47. Qf4 f5 48. exf6 1-0

[Event "Toronto Closed"]
[Site "Toronto CAN"]
[Date "2008.02.12"]
[Round "4"]
[White "Kimelman, Michael"]
[Black "Sapozhnikov, Roman"]
[Result "1/2-1/2"]
[WhiteElo "2273"]
[BlackElo "2184"]
[PlyCount "89"]
[GameId "2160767910442472"]
[EventDate "2008.01.22"]
[EventType "tourn"]
[EventRounds "9"]
[EventCountry "CAN"]
[SourceTitle "EXT 2011"]
[Source "ChessBase"]
[SourceDate "2011.11.26"]
[SourceVersion "1"]
[SourceVersionDate "2011.11.26"]
[SourceQuality "1"]

1. e4 c5 2. Nf3 Nc6 3. d4 cxd4 4. Nxd4 Nf6 5. Nc3 e5 6. Ndb5 d6 7. Bg5 a6 8. Na3 b5 9. Nd5 Be7 10. Bxf6 Bxf6 11. c4 b4 12. Nc2 a5 13. Qf3 Be6 14. Nxf6+ Qxf6 15. Qxf6 gxf6 16. O-O-O Ke7 17. b3 Rhg8 18. g3 Bg4 19. Rd3 a4 20. f3 Be6 21. Be2 axb3 22. axb3 Ra2 23. Rhd1 Rd8 24. Kb1 Ra5 25. f4 f5 26. Bf3 Rc5 27. Kb2 h5 28. Re3 f6 29. Ra1 fxe4 30. Bxe4 d5 31. cxd5 Bxd5 32. Bd3 Bxb3 33. Kxb3 Rc3+ 34. Ka4 Rdxd3 35. Rxd3 Rxd3 36. fxe5 fxe5 37. Nxb4 Rd4 38. Rb1 Ke6 39. Kb5 Rxb4+ 40. Rxb4 Nxb4 41. Kxb4 Kf5 42. Kc4 Kg4 43. Kd5 Kh3 44. Kxe5 Kxh2 45. Kf4 1/2-1/2

[Event "Toronto Closed"]
[Site "Toronto CAN"]
[Date "2008.02.12"]
[Round "4"]
[White "Yuan, Yuanling"]
[Black "Plotkin, Victor"]
[Result "1/2-1/2"]
[WhiteElo "2170"]
[BlackElo "2310"]
[PlyCount "93"]
[GameId "2160767910442474"]
[EventDate "2008.01.22"]
[EventType "tourn"]
[EventRounds "9"]
[EventCountry "CAN"]
[SourceTitle "EXT 2011"]
[Source "ChessBase"]
[SourceDate "2011.11.26"]
[SourceVersion "1"]
[SourceVersionDate "2011.11.26"]
[SourceQuality "1"]

1. e4 e5 2. Nf3 Nf6 3. Nxe5 d6 4. Nf3 Nxe4 5. d4 Be7 6. Bd3 d5 7. Qe2 Nf6 8. O-O O-O 9. Ne5 Nc6 10. c3 Re8 11. Qc2 Nxe5 12. dxe5 Ng4 13. Bxh7+ Kh8 14. Bf4 Bc5 15. Bg3 Nxe5 16. Bf5 Qf6 17. Bxc8 Raxc8 18. Nd2 Qg6 19. Qxg6 Nxg6 20. Rfe1 Bb6 21. Nf3 Kg8 22. Rad1 c6 23. Ne5 Nxe5 24. Bxe5 f6 25. Bg3 Kf7 26. Kf1 Bc5 27. Rxe8 Rxe8 28. Re1 Rxe1+ 29. Kxe1 d4 30. Kd2 Ke6 31. Kd3 dxc3 32. Kxc3 b5 33. f3 Kd5 34. Kd3 Bd4 35. b3 c5 36. Be1 c4+ 37. bxc4+ bxc4+ 38. Kc2 Bg1 39. h3 Kd4 40. Bd2 Bh2 41. Bb4 Bg3 42. Kd2 Bf4+ 43. Kc2 Bh6 44. h4 a6 45. g4 Ke5 46. g5 fxg5 47. hxg5 1/2-1/2

[Event "Toronto Closed"]
[Site "Toronto CAN"]
[Date "2008.02.19"]
[Round "5"]
[White "Sapozhnikov, Roman"]
[Black "Yuan, Yuanling"]
[Result "0-1"]
[WhiteElo "2184"]
[BlackElo "2170"]
[PlyCount "150"]
[GameId "2160767910442475"]
[EventDate "2008.01.22"]
[EventType "tourn"]
[EventRounds "9"]
[EventCountry "CAN"]
[SourceTitle "EXT 2011"]
[Source "ChessBase"]
[SourceDate "2011.11.26"]
[SourceVersion "1"]
[SourceVersionDate "2011.11.26"]
[SourceQuality "1"]

1. Nf3 Nf6 2. g3 g6 3. Bg2 Bg7 4. O-O O-O 5. d4 d6 6. Nc3 Nbd7 7. e4 e5 8. h3 Re8 9. Re1 exd4 10. Nxd4 Nc5 11. Nb3 Nxb3 12. axb3 a6 13. Bg5 h6 14. Be3 Rb8 15. Qd2 Kh7 16. Ba7 Ra8 17. Bd4 Be6 18. Rad1 Qc8 19. Kh2 Rb8 20. f4 Rd8 21. g4 c5 22. Bxf6 Bxf6 23. f5 Be5+ 24. Kh1 Bd7 25. Rf1 g5 26. Nd5 Bc6 27. Nb6 Qc7 28. Nc4 Bf6 29. Ne3 Qe7 30. Nd5 Bxd5 31. exd5 Re8 32. Rde1 Qd7 33. Qd3 Kg7 34. Be4 Re5 35. Re2 Rbe8 36. Rfe1 R5e7 37. Kg2 Qc7 38. Kf3 b5 39. c4 Qa5 40. Qb1 Qb4 41. Qa2 bxc4 42. bxc4 a5 43. Rd1 Rb8 44. Rdd2 Qb3+ 45. Qxb3 Rxb3+ 46. Kg2 Reb7 47. Bb1 Bxb2 48. Ba2 R3b4 49. Kf3 Bf6 50. Re8 Rb2 51. Rxb2 Rxb2 52. Re2 Rb4 53. Rc2 Bd4 54. Ke4 Rb7 55. Kd3 Re7 56. Re2 Rxe2 57. Kxe2 Kf6 58. Bb3 Ke5 59. Ba4 Kf4 60. Be8 f6 61. Kd3 Kg3 62. Kc2 Kxh3 63. Bh5 a4 64. Kb1 Bc3 65. Ka2 Bb4 66. Kb2 Kg3 67. Kc2 Kf3 68. Kb2 Ke3 69. Be8 Kd4 70. Bb5 Kd3 71. Ka2 Kc3 72. Ba6 Kd3 73. Bb5 Bd2 74. Bxa4 Kxc4 75. Bc6 h5 0-1

[Event "Toronto Closed"]
[Site "Toronto CAN"]
[Date "2008.03.25"]
[Round "5"]
[White "Barron, Irina"]
[Black "Kimelman, Michael"]
[Result "0-1"]
[WhiteElo "2083"]
[BlackElo "2273"]
[PlyCount "86"]
[GameId "2160767910442477"]
[EventDate "2008.01.22"]
[EventType "tourn"]
[EventRounds "9"]
[EventCountry "CAN"]
[SourceTitle "EXT 2011"]
[Source "ChessBase"]
[SourceDate "2011.11.26"]
[SourceVersion "1"]
[SourceVersionDate "2011.11.26"]
[SourceQuality "1"]

1. d4 Nf6 2. c4 e6 3. Nc3 Bb4 4. Qc2 O-O 5. Nf3 d6 6. a3 Bxc3+ 7. Qxc3 b6 8. Bg5 Nbd7 9. e3 a5 10. Bd3 h6 11. Bxf6 Qxf6 12. O-O a4 13. Nd2 Bb7 14. f4 Qh4 15. g3 Qh5 16. Be4 Bxe4 17. Nxe4 f5 18. Nd2 Ra5 19. Rae1 Nf6 20. Kg2 Qg6 21. Qc2 Kh8 22. Nb1 Qe8 23. Nc3 Qc6+ 24. Kg1 Qxc4 25. Rc1 c5 26. d5 Nxd5 27. Qd2 Rd8 28. Nxd5 Qxd5 29. Qxd5 exd5 30. Rfd1 c4 31. Rd4 Rc8 32. Kf2 Kg8 33. Ke2 Rb5 34. Rd2 Kf7 35. Rc3 Re8 36. Kd1 Ke6 37. Kc2 Kd7 38. Kc1 Kc6 39. h3 Rb3 40. Re2 b5 41. Rxb3 axb3 42. Kd2 d4 43. exd4 c3+ 0-1

[Event "Toronto Closed"]
[Site "Toronto CAN"]
[Date "2008.04.01"]
[Round "5"]
[White "Starr (Shterenberg), Nava"]
[Black "Casareno, Erwin"]
[Result "0-1"]
[WhiteElo "2135"]
[BlackElo "2218"]
[PlyCount "62"]
[GameId "2160767910442478"]
[EventDate "2008.01.22"]
[EventType "tourn"]
[EventRounds "9"]
[EventCountry "CAN"]

1. e4 d5 2. exd5 Qxd5 3. Nc3 Qa5 4. Bc4 Nf6 5. d3 c6 6. Bd2 Qb6 7. Bb3 Bf5 8. Be3 Qa5 9. Nge2 Nbd7 10. Ng3 Bg6 11. O-O e6 12. f4 Be7 13. Qf3 Bf5 14. h3 h5 15. Rae1 g6 16. Nce4 Nd5 17. Bd4 Rh6 18. Nxf5 gxf5 19. Ng3 h4 20. Ne2 O-O-O 21. Nc3 N7f6 22. Nxd5 Nxd5 23. Qf2 c5 24. Be5 Rg6 25. Re2 Nb6 26. Bc3 Qb5 27. Qf3 Rdg8 28. Rfe1 Rg3 29. Qh5 Qc6 30. Rf2 Rxg2+ 31. Kf1 Rxf2+ 0-1

[Event "Toronto Closed"]
[Site "Toronto CAN"]
[Date "2008.04.08"]
[Round "5"]
[White "Plotkin, Victor"]
[Black "Noritsyn, Nikolay"]
[Result "0-1"]
[WhiteElo "2310"]
[BlackElo "2470"]
[PlyCount "108"]
[GameId "2160767910442479"]
[EventDate "2008.01.22"]
[EventType "tourn"]
[EventRounds "9"]
[EventCountry "CAN"]
[SourceTitle "EXT 2011"]
[Source "ChessBase"]
[SourceDate "2011.11.26"]
[SourceVersion "1"]
[SourceVersionDate "2011.11.26"]
[SourceQuality "1"]

1. e4 c5 2. c3 d5 3. exd5 Qxd5 4. d4 Nf6 5. Nf3 e6 6. Be3 cxd4 7. cxd4 Bb4+ 8. Nc3 O-O 9. Bd3 b6 10. Qa4 Qa5 11. Qxa5 Bxa5 12. O-O Bxc3 13. bxc3 Ba6 14. c4 Nc6 15. Rac1 Nb4 16. Bb1 Rac8 17. Nd2 Rfd8 18. Rfd1 Ne8 19. a3 Nc6 20. Nb3 Ne7 21. c5 Nd5 22. Be4 Nef6 23. Bf3 h6 24. cxb6 axb6 25. Rxc8 Rxc8 26. Rc1 Rxc1+ 27. Bxc1 Kf8 28. Bd2 Ke7 29. h4 Kd6 30. g4 Bd3 31. Nc1 Bc4 32. Kg2 e5 33. dxe5+ Kxe5 34. g5 hxg5 35. Bxg5 Ne4 36. Bxe4 Kxe4 37. Kg3 b5 38. Bd2 g6 39. Kg4 Nf6+ 40. Kg5 Nd7 41. f4 Nf8 42. f5 gxf5 43. h5 f4 44. Kg4 f3 45. Kg3 Nh7 46. h6 f5 47. Kf2 f4 48. Bb4 Nf6 49. Kg1 Ng4 50. Bc5 Nxh6 51. Kf2 Ng4+ 52. Ke1 f2+ 53. Bxf2 Nxf2 54. Kxf2 f3 0-1

[Event "Toronto Closed"]
[Site "Toronto CAN"]
[Date "2008.02.26"]
[Round "6"]
[White "Barron, Michael"]
[Black "Plotkin, Victor"]
[Result "0-1"]
[WhiteElo "2351"]
[BlackElo "2310"]
[PlyCount "70"]
[GameId "2160767910442480"]
[EventDate "2008.01.22"]
[EventType "tourn"]
[EventRounds "9"]
[EventCountry "CAN"]
[SourceTitle "EXT 2011"]
[Source "ChessBase"]
[SourceDate "2011.11.26"]
[SourceVersion "1"]
[SourceVersionDate "2011.11.26"]
[SourceQuality "1"]

1. e4 e6 2. d4 d5 3. Nd2 c5 4. Ngf3 Nc6 5. Bb5 Bd6 6. O-O Nge7 7. e5 Bc7 8. dxc5 O-O 9. Re1 Ng6 10. Bxc6 bxc6 11. Nb3 f6 12. exf6 Qxf6 13. Bg5 Qf7 14. Be3 e5 15. Ng5 Qf5 16. f3 h6 17. Nh3 Nh4 18. Nf2 d4 19. Nxd4 Qg6 20. Ng4 exd4 21. Bf2 Nxf3+ 22. gxf3 h5 23. Bg3 hxg4 24. Qxd4 Bxg3 25. hxg3 gxf3 26. Qc4+ Qf7 27. Qxf7+ Rxf7 28. Re8+ Rf8 29. Rxf8+ Kxf8 30. Rd1 Bh3 31. Rd6 Re8 32. Kf2 Bg4 33. Rd4 Re2+ 34. Kg1 Rg2+ 35. Kf1 Rxg3 0-1

[Event "Toronto Closed"]
[Site "Toronto CAN"]
[Date "2008.02.26"]
[Round "6"]
[White "Casareno, Erwin"]
[Black "Kimelman, Michael"]
[Result "0-1"]
[WhiteElo "2218"]
[BlackElo "2273"]
[PlyCount "74"]
[GameId "2160767910442481"]
[EventDate "2008.01.22"]
[EventType "tourn"]
[EventRounds "9"]
[EventCountry "CAN"]
[SourceTitle "EXT 2011"]
[Source "ChessBase"]
[SourceDate "2011.11.26"]
[SourceVersion "1"]
[SourceVersionDate "2011.11.26"]
[SourceQuality "1"]

1. e4 c5 2. Nf3 e6 3. Nc3 Nc6 4. d4 cxd4 5. Nxd4 Nf6 6. Be3 Bb4 7. Nxc6 bxc6 8. Bd3 d5 9. exd5 Nxd5 10. Bd2 Bxc3 11. bxc3 Qf6 12. c4 Qe5+ 13. Kf1 Nb6 14. Qe1 Qxe1+ 15. Rxe1 Ba6 16. c5 Bxd3+ 17. cxd3 Nd5 18. Rb1 O-O 19. Ke2 Rab8 20. Rhc1 a6 21. g3 e5 22. Rb3 Rb5 23. Ra3 Ra8 24. Rc4 f6 25. Rca4 Nc7 26. Be3 Rab8 27. Rc4 Rb2+ 28. Kf3 f5 29. d4 e4+ 30. Kf4 g6 31. Ke5 Kf7 32. g4 Re8+ 33. Kf4 Kf6 34. g5+ Ke6 35. Rca4 Rb1 36. Rb3 Rg1 37. d5+ Nxd5# 0-1

[Event "Toronto Closed"]
[Site "Toronto CAN"]
[Date "2008.02.26"]
[Round "6"]
[White "Noritsyn, Nikolay"]
[Black "Sapozhnikov, Roman"]
[Result "1-0"]
[WhiteElo "2470"]
[BlackElo "2184"]
[PlyCount "81"]
[GameId "2160767910442482"]
[EventDate "2008.01.22"]
[EventType "tourn"]
[EventRounds "9"]
[EventCountry "CAN"]
[SourceTitle "EXT 2011"]
[Source "ChessBase"]
[SourceDate "2011.11.26"]
[SourceVersion "1"]
[SourceVersionDate "2011.11.26"]
[SourceQuality "1"]

1. Nf3 Nf6 2. d4 g6 3. Nbd2 d5 4. c4 c6 5. g3 Bg7 6. Bg2 O-O 7. O-O Ne4 8. Qb3 b6 9. Rd1 Nxd2 10. Bxd2 dxc4 11. Qc2 Bb7 12. Bf4 Qc8 13. Qxc4 Ba6 14. Qc2 Qe6 15. Ne5 Rc8 16. b3 Bb7 17. Rac1 Na6 18. Qd2 Bxe5 19. Bxe5 Nb8 20. Qh6 f6 21. Bh3 Qd5 22. e4 Qf7 23. Bxc8 Bxc8 24. Bxb8 Rxb8 25. Qf4 Ra8 26. Rxc6 Ba6 27. d5 g5 28. Qf3 Qg6 29. Rc7 g4 30. Qf5 Qxf5 31. exf5 Be2 32. Re1 Bf3 33. Rcxe7 Bxd5 34. Re8+ Rxe8 35. Rxe8+ Kf7 36. Rh8 Kg7 37. Rd8 Bc6 38. Rc8 Be4 39. Rc7+ Kh6 40. Rxa7 Bxf5 41. Rb7 1-0